000 01142naa a2200277 c 4500
001 49922
999 _c49922
_d49922
003 ES-MaCES
005 20170921133727.0
008 170921s2017 sp ||||| t||||||| ||spa d
040 _aES-MaCES
_bspa
_cES-MaCES
_dES-MaCES
100 1 _99200
_aCasas Baamonde, María Emilia
245 1 0 _aEficacia temporal de la prioridad aplicativa de los convenios de empresa y ultraactividad
_cMaría Emilia Casas Baamonde
650 4 _928362
_anegociación colectiva
650 4 _928361
_aconvenio colectivo
650 4 _930041
_aextensión del convenio colectivo
650 4 _927142
_aempresa multinacional
650 4 _929924
_aderechos de los trabajadores
650 4 _928327
_acondiciones de trabajo
650 4 _930174
_aflexibilidad del trabajo
650 4 _927165
_aderecho del trabajo
650 4 _927166
_alegislación del trabajo
653 1 0 _aRelaciones laborales-Empleo
773 0 _986255
_dMadrid Lefebvre El Derecho 2015-
_o089152
_tDerecho de las relaciones laborales
_w(ES-MaCES)46200
_gn. 5 (mayo 2017) {55/1131 R. 089152} ;p. 377-391
902 _aART Artículo de revista
942 _2CES
_cAR
_h2.0.